| 000 | 00447nam a2200157 i 4500 | ||
|---|---|---|---|
| 001 | 83964 | ||
| 003 | ES-MaACL | ||
| 005 | 20230906174925.0 | ||
| 007 | t| | ||
| 008 | 041118s1962 sp ||||1| baq d | ||
| 100 | 1 |
_aIraola Aristiguieta, Victoriano. _965419 |
|
| 245 | 1 | 0 |
_aCroitzak eta beste ipui asko / _cBitoriano Iraola Aristiguieta. |
| 260 |
_a[Tolosa : _bs.n., _c1962] |
||
| 300 |
_a141 p. ; _c18 cm. |
||
| 852 |
_aES-MaACL _jC-22108 _bR.50553 |
||
| 999 |
_c83964 _d83964 |
||